Advance control theory
Uloženo v:
| Hlavní autor: | |
|---|---|
| Médium: | Kniha |
| Jazyk: | angličtina |
| Vydáno: |
CBS Publishers
2020
|
| Tagy: |
Přidat tag
Žádné tagy, Buďte první, kdo vytvoří štítek k tomuto záznamu!
|
MARC
| LEADER | 00000nam a22000007a 4500 | ||
|---|---|---|---|
| 008 | 240830b |||||||| |||| 00| 0 eng d | ||
| 020 | |a 9789389396294 | ||
| 100 | |a KANI, A.Nagoor. | ||
| 245 | |a Advance control theory |c / A Nagoor Kani |g xii, 580p | ||
| 260 | |b CBS Publishers |c 2020 |h New Delhi |i 700434 |i 700485 |l TJ213.K13 |m Automatic control |m Control theory | ||
| 500 | |a it includes index | ||
| 942 | |a lcc |c BK |e Johnson | ||
| 952 | |0 0 |1 0 |2 lcc |4 0 |6 TJ0213 K13 |7 0 |9 5555 |a TL |b HOL |c QZ |d 2024-08-30 |l 0 |o TJ213.K13 |p 2024-0794 |r 2024-08-30 00:00:00 |t 700434 |w 2024-08-30 |y BK | ||
| 952 | |0 0 |1 0 |2 lcc |4 0 |6 TJ0213 K13 |7 0 |9 5556 |a HOL |b HOL |c QZ |d 2024-08-30 |l 0 |o TJ213.K13 |p 2024-0795 |r 2024-08-30 00:00:00 |t 700435 |w 2024-08-30 |y BK | ||
| 999 | |c 2743 |d 2743 | ||